អាជីពជាអ្នកសម្អាង / (Record no. 1495)
[ view plain ]
| 000 -LEADER | |
|---|---|
| fixed length control field | 01765nam a22002657a 4500 |
| 005 - DATE AND TIME OF LATEST TRANSACTION | |
| control field | 20231002103719.0 |
| 040 ## - CATALOGING SOURCE | |
| Original cataloging agency | FISKH |
| Language of cataloging | eng |
| Transcribing agency | FISKH |
| Modifying agency | FISKH |
| 082 ## - DEWEY DECIMAL CLASSIFICATION NUMBER | |
| Classification number | 646.72 |
| 100 ## - MAIN ENTRY--PERSONAL NAME | |
| Personal name | Sophal, Bot |
| 245 ## - TITLE STATEMENT | |
| Title | អាជីពជាអ្នកសម្អាង / |
| 250 ## - EDITION STATEMENT | |
| Edition statement | បោះពុម្ពលើកទី ២ ខែមិនា ២០២១ |
| 260 ## - PUBLICATION, DISTRIBUTION, ETC. | |
| Place of publication, distribution, etc. | Phnom Penh : |
| Name of publisher, distributor, etc. | Sipar, |
| Date of publication, distribution, etc. | 2021. |
| 300 ## - PHYSICAL DESCRIPTION | |
| Extent | 40 pages : |
| Other physical details | color illustrations ; |
| Dimensions | 26 cm |
| 490 ## - SERIES STATEMENT | |
| Series statement | តម្រង់ទិសវិជ្ជាជីវៈ |
| 505 ## - FORMATTED CONTENTS NOTE | |
| Formatted contents note | Z'<br/><br/> |
| 520 ## - SUMMARY, ETC. | |
| Summary, etc. | បង្ហាញពីជម្រើសផ្សេងៗក្នុងវិជ្ជាជីវៈ មួយនេះ ដោយចង្អុលឳ្យឃើញទិដ្ឋភាពខុសៗគ្នានៃការរៀនជំនាញ ការអនុវត្តជាក់ស្ដែង និងសម្ភារៈ ចាំបាច់ ក្នុងការបើកអាជីវកម្មដោយខ្លួនឯង ព្រមទាំងមានការបង្ហាញគំរូមួយចំនួននៃការអនុវត្តទៅតាមជំហាននិមួយៗ។ |
| 520 ## - SUMMARY, ETC. | |
| Summary, etc. | Demonstrate the various options in this profession by pointing out the different aspects of learning the skills, practical application and materials needed to run a business on your own, as well as showing some examples of practice step by step. |
| 521 ## - TARGET AUDIENCE NOTE | |
| Target audience note | 1120<br/> |
| Source | Lexile estimate<br/><br/> |
| 521 ## - TARGET AUDIENCE NOTE | |
| Target audience note | Z'<br/> |
| Source | Raz-Plus<br/> |
| 650 ## - SUBJECT ADDED ENTRY--TOPICAL TERM | |
| Topical term or geographic name entry element | ជំនាញ |
| Form subdivision | សម្ភារៈ |
| General subdivision | អាជីវកម្ |
| Chronological subdivision | ម |
| 650 ## - SUBJECT ADDED ENTRY--TOPICAL TERM | |
| Topical term or geographic name entry element | Skill |
| Form subdivision | Stuffs |
| General subdivision | Business |
| 700 ## - ADDED ENTRY--PERSONAL NAME | |
| Personal name | Visoth, Seng |
| Titles and other words associated with a name | illstrator |
| 942 ## - ADDED ENTRY ELEMENTS (KOHA) | |
| Source of classification or shelving scheme | Dewey Decimal Classification |
| Koha item type | Books |
| Suppress in OPAC | No |
| 999 ## - | |
| -- | 1495 |
| -- | 1495 |
| Withdrawn status | Lost status | Source of classification or shelving scheme | Damaged status | Not for loan | Collection | Home library | Current library | Shelving location | Date acquired | Total Checkouts | Full call number | Barcode | Date last seen | Copy number | Price effective from | Koha item type | Date last checked out |
|---|---|---|---|---|---|---|---|---|---|---|---|---|---|---|---|---|---|
| Dewey Decimal Classification | Khmer Non-Fiction / សៀវភៅខ្មែរ រឿងពិត | Footprints International School Library Network Toul Kork Campus | Footprints International School Library Network Toul Kork Campus | 08/28/2023 | SOP 646.72 | 2023-0401 | 08/28/2023 | 1 | 08/28/2023 | Books | |||||||
| Dewey Decimal Classification | Khmer Non-Fiction / សៀវភៅខ្មែរ រឿងពិត | Footprints International School Library Network Toul Kork Campus | Footprints International School Library Network Toul Kork Campus | 08/28/2023 | 1 | SOP 646.72 | 2023-0402 | 09/29/2025 | 2 | 08/28/2023 | Books | 06/30/2025 |
